| 000 | 00528nam a22001817a 4500 | ||
|---|---|---|---|
| 005 | 20171118150018.0 | ||
| 010 | _aENG-121482 | ||
| 020 |
_a9789325983397 _c150.00 |
||
| 035 | _aEN-105014 | ||
| 037 | _bDBAD/PUB | ||
| 082 | _a620.11 | ||
| 100 | _aBhavikatti,S.S. | ||
| 245 |
_aAdvanced strength of materials / _cby S.S. Bhavikatti |
||
| 260 |
_aNoida _bVikas Publishing House _c2015 |
||
| 270 |
_aE-28, Sector 8, _bNoida (UP) _e201301 |
||
| 300 |
_a128p. : _c24cm(pbk) _bill |
||
| 942 |
_2ddc _cEN _h620.11 _mBHA |
||
| 999 |
_c147558 _d147558 |
||